| 000 | 00521nam a22001937a 4500 | ||
|---|---|---|---|
| 003 | KOHA_MİRAKIL | ||
| 005 | 20250414173124.0 | ||
| 008 | 250414b tu ||||| |||| 00| 0 tur d | ||
| 020 | _a9786052651483 | ||
| 040 |
_aTR-AnABB _btur _cTR-AnABB |
||
| 041 | _atur | ||
| 082 |
_a828.3354 _bBRO 2023 |
||
| 100 | 1 | _aBrooks, Max, | |
| 245 | 1 | 0 |
_aGüdü / _cMax Brooks |
| 260 |
_aİstanbul : _bİthaki Yayınları, _c2023 |
||
| 300 |
_a320 sayfa ; _c20 cm |
||
| 650 | 0 | 4 | _aAmerikan edebiyatı, roman |
| 942 |
_2ddc _cBK |
||
| 999 |
_c8690 _d8690 |
||
| 900 | _bGizem YORULMAZ | ||